000 01182nam a22002417a 4500
005 20100728153412.0
010 _aHIN-89870
020 _a8121406846
_c160.00
035 _aHN-62216
037 _bDBAD / PUB
082 _a
100 _aज्योत्स्ना मिलन
_923672
245 _aअपने साथ /
_cज्योत्स्ना मिलन
246 _aApne Saath
_bby Jyotsna Milan
260 _aनई दिल्ली
_bनेशनल पब्लिशिंग हाउस
_c2009
270 _a2/35, अंसारी रोड़, दरियागंज
_bनई दिल्ली
_e110002
_l011-23254407
_mnational_publishinghouse@airtelmail.in
300 _a127पृ.
_c22सेमी (सजिल्द)
650 _bहिन्दी कथा साहित्य
_9657
650 _aहिन्दी कथा साहित्य
_9657
650 _aHindi Fiction
_923673
942 _2ddc
_cHN
_h
_mज्योत्स्ना
999 _c38119
_d38119